It looks like you're offline.
Open Library logo
additional options menu

MARC Record from marc_openlibraries_sanfranciscopubliclibrary

Record ID marc_openlibraries_sanfranciscopubliclibrary/sfpl_chq_2018_12_24_run06.mrc:39463903:2972
Source marc_openlibraries_sanfranciscopubliclibrary
Download Link /show-records/marc_openlibraries_sanfranciscopubliclibrary/sfpl_chq_2018_12_24_run06.mrc:39463903:2972?format=raw

LEADER: 02972cam a22005417i 4500
001 ocn953885722
003 OCoLC
005 20171121090638.0
008 160822r20172015nyua b 001 0 eng d
010 $a2016951891
020 $a9781501156984$q(paperback)
020 $a1501156985$q(paperback)
035 $a(OCoLC)953885722
037 $bSimon & Schuster, Order Dept 100 Front st, Riverside, NJ, USA, 08075$nSAN 200-2442
040 $aYDXCP$beng$erda$cDLC$dYDXCP$dBTCTA$dBDX$dORX$dCLE$dIMD$dOJ4$dOCLCF$dBKL$dOCLCQ$dSFR$dUtOrBLW
042 $alccopycat
049 $aSFRA
050 00 $aBQ5612$b.Y38 2017
082 04 $a615.8/528$223
082 04 $a294.34435$223
092 $a294.3443$bY272m 2017
100 1 $aYates, John,$d1945-$eauthor.
245 14 $aThe mind illuminated :$ba complete meditation guide integrating Buddhist wisdom and brain science for greater mindfulness /$cCuladasa (John Yates, PhD) and Matthew Immergut, PhD, with Jeremy Graves.
250 $aFirst Touchstone trade paperback edition.
264 1 $aNew York, NY :$bTouchstone,$c2017.
264 4 $c©2015
300 $axxvii, 484 pages :$billustrations ;$c24 cm
336 $atext$btxt$2rdacontent
336 $astill image$bsti$2rdacontent
337 $aunmediated$bn$2rdamedia
338 $avolume$bnc$2rdacarrier
500 $aOriginally published: Dharma Treasure Press, 2015.
504 $aIncludes bibliographical references and index.
520 $aThe Mind Illuminated is the first how-to meditation guide from a neuroscientist who is also an acclaimed meditation master. This innovative book offers a 10-stage program that is both deeply grounded in ancient spiritual teachings about mindfulness and holistic health, and also draws from the latest brain science to provide a roadmap for anyone interested in achieving the benefits of mindfulness. Dr. John Yates offers a new and fascinating model of how the mind works, including steps to overcome mind wandering and dullness, extending your attention span while meditating, and subduing subtle distractions. This groundbreaking manual provides illustrations and charts to help you work through each stage of the process, offering tools that work across all types of meditation practices.
650 0 $aMeditation$xBuddhism.
700 1 $aImmergut, Matthew,$eauthor.
700 1 $aGraves, Jeremy,$eauthor.
907 $a.b34381077$b12-19-18$c08-25-17
998 $axgc$b10-31-17$cm$da $e-$feng$gnyu$h4$i0
907 $a.b34381077$b11-17-17$c08-25-17
938 $aBrodart$bBROD$n117300721
938 $aBaker and Taylor$bBTCP$nBK0019253702
938 $aYBP Library Services$bYANK$n13083610
980 $a1017 kl tp
998 $axgc$b10-31-17$cm$da$e-$feng$gnyu$h4$i0
994 $aC0$bSFR
999 $yMARS
945 $a294.3443$bY272m 2017$d12-13-2018 16:57$e11-20-2018 10:19$f0$g0$h11-29-18$i31223122316798$j211$0303$k01-03-19$lxgcci$o-$p$25.99$q-$r-$s- $t1$u13$v0$w6$x7$y.i92506483$z11-16-17